000 00280nam a2200133Ia 4500
100 _aNilis/M.C & S.K . Jain
650 _aGeneral
942 _cBK
245 _aThe Supervisor
260 _bWILEY EASTERN LIMITED
_c2001
082 _a658.3
300 _a311
546 _aENGLISH
999 _c35663
_d35663